000 00575cam a2200193ua 4500
001 6581
008 140510n ii |||gr||||Z||||||eng
020 _a978-81-7213-143-2
040 _cMAIN
082 _a338.04
245 _aEntrepreneurship development in the North-east India
_ced by Ranjan Kumar Phukan
260 _aGuwahati:
_bPurbanchal prakash,
_c2012.
300 _ax,230p.
653 _aProduction
653 _aEntrepreneurship development in the North-east India
700 _aPhookan,Ranjan Kumar,
_eEditor.,
700 _aBaruah,Ramen,
_eAuthor.
942 _cBK
999 _c5730
_d5730